Minimenino e a saudade do planeta que encolheu (Record no. 161537)

MARC details
000 -LÍDER
campo de controle de tamanho fixo 00367 a2200157 4500
001 - NÚMERO DE CONTROLE
campo de controle 161537
020 ## - ISBN - INTERNATIONAL STANDARD BOOK NUMBER
ISBN - International Standard Book Number
040 ## - FONTE DA CATALOGAÇÃO
Instituição que transcreveu o registro Magnum
100 ## - ENTRADA PRINCIPAL--NOME PESSOAL
Nome pessoal Bagno, Marcos
240 10 - TÍTULO UNIFORME
Título uniforme Minimenino e a saudade do planeta que encolheu
Idioma da obra por
245 10 - TÍTULO
Título Minimenino e a saudade do planeta que encolheu
362 0# - DATAS DE PUBLICAÇÃO E/OU DESIGNAÇÃO SEQUENCIAL
Datas de publicação e/ou designação sequencial 1899
440 #1 - DECLARAÇÃO DE SÉRIE/ENTRADA ADICIONADA--TÍTULO
Título Bagaço
697 ## - ENTRADA DE ASSUNTO LOCAL--ENTIDADE COLETIVA (RLIN)
Nome corporativo ou nome da jurisdição IJ/GERAL
942 ## - ELEMENTOS DE ENTRADA ADICIONADOS (KOHA)
Tipo de material Koha Livros
Holdings
Situação do descarte Situação das perdas Situação física Não pode ser emprestado Biblioteca de origem Biblioteca atual Data de aquisição Total de empréstimos Número de chamada completo Código de barras Data de último acesso Data do preço efetivo Tipo de material Koha
        Magnum Magnum 08/06/2024   LI.03004 MAG00003989 08/06/2024 08/06/2024 Livros